000
00323nam a2200157Ia 4500
100
_a
Gast/Matthew S
650
_a
Wireless
942
_c
BK
366
_f
20
245
_a
802.11 wireless networks
260
_b
Oreilly
_c
2010
082
_a
621.382
_b
GAS
300
_a
630
546
_a
ENGLISH
_c
Computers
999
_c
31140
_d
31140